Enhancing the effectiveness of public spending in Switzerland
Na minha lista:
| Autor principal: | |
|---|---|
| Outros Autores: | |
| Formato: | Livro |
| Idioma: | inglês |
| Publicado em: |
Paris
OECD
2002
|
| Colecção: | Economics Department Working Papers
No. 332 |
| Assuntos: | |
| Tags: |
Sem tags, seja o primeiro a adicionar uma tag!
|
MARC
| LEADER | 00000nam a2200000 4500 | ||
|---|---|---|---|
| 001 | c142201 | ||
| 005 | 20221124092010.7 | ||
| 041 | 0 | |a eng | |
| 044 | |a FR | ||
| 245 | 1 | 0 | |a Enhancing the effectiveness of public spending in Switzerland |c by Isabelle Joumard and Claude Giorno |
| 264 | 1 | |a Paris |b OECD |c 2002 | |
| 300 | |a 44 s. | ||
| 490 | 1 | |a Economics Department Working Papers |v No. 332 | |
| 830 | 0 | |a Economics Department Working Papers |v No. 332 | |
| 610 | 2 | 0 | |a úspory |
| 610 | 2 | 0 | |a efektívnosť |
| 610 | 2 | 0 | |a politika fiškálna |
| 610 | 2 | 0 | |a granty |
| 610 | 2 | 0 | |a manažment |
| 610 | 2 | 0 | |a Švajčiarsko |
| 100 | 1 | |a Joumard, Isabelle | |
| 700 | 1 | |a Giorno, Claude | |